[Event "26th WSCC 2016 Open 65+"]
[Site "Marianske Lazne, Czech Republic - Hotel Cristal and Continental"]
[Date "2016.11.20"]
[Round "2.88"]
[White "Olesen, Poul Erik Norgaard"]
[Black "Korenevski, Oleg"]
[Result "1-0"]
[WhiteElo "1998"]
[BlackElo "1823"]
[PlyCount "107"]
[EventDate "2016.11.19"]

1. e4 e5 2. Bc4 Nc6 3. Nf3 Bc5 4. d3 Nf6 5. O-O O-O 6. c3 d5 7. exd5 Nxd5 8.
Bg5 Qd6 9. Nbd2 Bf5 10. Nh4 Bg6 11. Ne4 Bxe4 12. dxe4 Nb6 13. Be2 h6 14. Qxd6
Bxd6 15. Be3 Ne7 16. a4 Nd7 17. Rad1 Nc5 18. Bxc5 Bxc5 19. Rd7 Bd6 20. Rd1 Rfd8
21. R1xd6 cxd6 22. Rxe7 Re8 23. Nf5 Rxe7 24. Nxe7+ Kf8 25. Nd5 Rc8 26. Kf1 g6
27. Ke1 h5 28. Kd2 Kg7 29. b4 Rd8 30. Ne3 Kf6 31. Bc4 Kg7 32. Bd5 Rd7 33. a5
Kf8 34. Kc2 Rc7 35. Kb3 Ke7 36. Bc4 Rc8 37. b5 Kf8 38. Kb4 b6 39. axb6 axb6 40.
Bd5 Ke7 41. Bc6 Rb8 42. Nd5+ Ke6 43. Nxb6 Rxb6 44. Ka5 Rb8 45. b6 Ke7 46. Ka6
Rc8 47. Kb5 f6 48. b7 Rb8 49. Kb6 Kd8 50. Bd5 Kd7 51. Bf7 g5 52. Bg6 h4 53.
Bf5+ Kd8 54. Kc6 1-0

[Event "26th WSCC 2016 Open 65+"]
[Site "Marianske Lazne, Czech Republic - Hotel Cristal and Continental"]
[Date "2016.11.20"]
[Round "2.89"]
[White "Marshall, Michael"]
[Black "Just, Pavel"]
[Result "1/2-1/2"]
[WhiteElo "1841"]
[BlackElo "1996"]
[PlyCount "83"]
[EventDate "2016.11.19"]

1. d4 Nf6 2. Bf4 b6 3. Nf3 Bb7 4. e3 e6 5. Bd3 d6 6. Nbd2 Be7 7. O-O Nh5 8. Bg3
Nd7 9. c3 Nxg3 10. hxg3 O-O 11. Qe2 c5 12. Ba6 Bc6 13. Bb5 Bxb5 14. Qxb5 a6 15.
Qe2 b5 16. a4 Qb6 17. axb5 axb5 18. Rfd1 c4 19. Rdc1 d5 20. e4 Bd6 21. e5 Be7
22. Nh4 b4 23. Nf1 b3 24. Ne3 Rfb8 25. f4 g6 26. Nf3 Ra2 27. Rab1 Rba8 28. Nd1
Qd8 29. Kh2 Qf8 30. Kg1 R8a6 31. Ne3 Qa8 32. Kh2 Ra1 33. Qe1 Rxb1 34. Rxb1 Ra2
35. Qc1 Nb6 36. Nd1 Na4 37. Kg1 Qa5 38. Kh2 Nb6 39. Kg1 Kg7 40. Kh2 Nc8 41. Nf2
Qd8 42. Qe3 $11 1/2-1/2

[Event "26th WSCC 2016 Open 65+"]
[Site "Marianske Lazne, Czech Republic - Hotel Cristal and Continental"]
[Date "2016.11.20"]
[Round "2.90"]
[White "Hartlaub, Marianne"]
[Black "Hund, Gerhard"]
[Result "0-1"]
[WhiteElo "1558"]
[BlackElo "2005"]
[PlyCount "122"]
[EventDate "2016.11.19"]

1. Nf3 d5 2. c4 c6 3. b3 Bf5 4. d3 Nf6 5. Bb2 e6 6. a3 Nbd7 7. Nbd2 Be7 8. g3
O-O 9. Bg2 Rc8 10. O-O h6 11. Rc1 Bd6 12. Rc2 Qe7 13. Re1 e5 14. e4 dxe4 15.
dxe4 Bg4 16. Qa1 Rfe8 17. h3 Bxf3 18. Nxf3 Nc5 19. Nd2 Nd3 20. Re2 Nxb2 21.
Rxb2 Bxa3 22. Ra2 Bc5 23. Qb1 b5 24. Nf3 bxc4 25. bxc4 Rb8 26. Qa1 Rb4 27. Ra4
Rxa4 28. Qxa4 Qc7 29. Kh2 Rb8 30. Qa1 Nd7 31. Rb2 Rxb2 32. Qxb2 Qb6 33. Qd2 Bd4
34. Kg1 Qb2 35. Bf1 Qxd2 36. Nxd2 Nc5 37. Kg2 a5 38. Be2 a4 39. Bd1 a3 40. Bb3
Nxb3 41. Nxb3 a2 42. f4 a1=Q 43. Nxa1 Bxa1 44. f5 Kf8 45. Kf3 Ke7 46. g4 f6 47.
h4 Bb2 48. Ke2 Bc1 49. Kd1 Bf4 50. Kc2 Kd6 51. Kd3 Kc5 52. Kc3 Bg3 53. h5 Bf4
54. Kd3 Kb4 55. c5 Kxc5 56. Kc3 Kb5 57. Kb3 c5 58. Kc3 c4 59. Kc2 Kb4 60. Kb2
c3+ 61. Kc2 Kc4 0-1

[Event "26th WSCC 2016 Open 65+"]
[Site "Marianske Lazne, Czech Republic - Hotel Cristal and Continental"]
[Date "2016.11.20"]
[Round "2.91"]
[White "Vrchotka, Josef"]
[Black "Weyand, Fernand"]
[Result "1-0"]
[WhiteElo "1994"]
[BlackElo "1816"]
[PlyCount "27"]
[EventDate "2016.11.19"]

1. Nf3 Nf6 2. g3 c5 3. Bg2 Nc6 4. O-O d5 5. d4 cxd4 6. Nxd4 e5 7. Nxc6 bxc6 8.
c4 Be6 9. Nc3 Bb4 10. cxd5 Nxd5 11. Qa4 Qa5 12. Qxc6+ Ke7 13. Nxd5+ Bxd5 14.
Qxd5 1-0

[Event "26th WSCC 2016 Open 65+"]
[Site "Marianske Lazne, Czech Republic - Hotel Cristal and Continental"]
[Date "2016.11.20"]
[Round "2.92"]
[White "Degtiarev, Viktor"]
[Black "Krstic, Slobodan"]
[Result "0-1"]
[WhiteElo "1823"]
[BlackElo "1993"]
[PlyCount "88"]
[EventDate "2016.11.19"]

1. e4 e6 2. d4 d5 3. Nd2 Nf6 4. e5 Nfd7 5. f4 c5 6. c3 Nc6 7. Ngf3 Be7 8. Be2
b6 9. O-O a5 10. Bb5 Na7 11. Bd3 Nc6 12. Kh1 Ba6 13. Bxa6 Rxa6 14. Qa4 Qc8 15.
Nb3 c4 16. Nbd2 b5 17. Qc2 b4 18. f5 a4 19. fxe6 fxe6 20. Qd1 O-O 21. Qe2 Qe8
22. Rf2 Qg6 23. Nf1 a3 24. cxb4 Nxb4 25. Ne1 Rxf2 26. Qxf2 Ra8 27. bxa3 Rf8 28.
Qg1 Nc6 29. Nf3 Nb6 30. Ng3 h5 31. Qe3 h4 32. Ne2 c3 33. Qxc3 Nc4 34. Bd2 Qe4
35. Neg1 Bxa3 36. Rf1 Bb2 37. Qb3 Nxd4 38. Qd1 Nxf3 39. Nxf3 h3 40. Bb4 hxg2+
41. Kxg2 Ne3+ 42. Kg1 Nxd1 43. Bxf8 Qg4+ 44. Kh1 Kxf8 0-1

[Event "26th WSCC 2016 Open 65+"]
[Site "Marianske Lazne, Czech Republic - Hotel Cristal and Continental"]
[Date "2016.11.20"]
[Round "2.93"]
[White "Webster, Jim J"]
[Black "De Haro, Martim Afonso Palma"]
[Result "0-1"]
[WhiteElo "1815"]
[BlackElo "1990"]
[PlyCount "31"]
[EventDate "2016.11.19"]

1. d4 d5 2. c4 dxc4 3. Nf3 c6 4. a4 Bg4 5. e3 e6 6. Bxc4 Nf6 7. O-O Nbd7 8. Nc3
Be7 9. Be2 O-O 10. Bd2 a5 11. Qc2 Qb8 12. Ne1 e5 13. Bxg4 Nxg4 14. Qf5 Ndf6 15.
h3 exd4 16. exd4 0-1

[Event "26th WSCC 2016 Open 65+"]
[Site "Marianske Lazne, Czech Republic - Hotel Cristal and Continental"]
[Date "2016.11.20"]
[Round "2.94"]
[White "Strand, Kjetil"]
[Black "Ingham, William"]
[Result "0-1"]
[WhiteElo "1990"]
[BlackElo "1814"]
[PlyCount "84"]
[EventDate "2016.11.19"]

1. e4 d6 2. d4 Nf6 3. Nc3 c6 4. f4 Qa5 5. Bd3 e5 6. Nf3 Bg4 7. Be3 exf4 8. Bxf4
Qb4 9. Qd2 Bxf3 10. gxf3 Qxd4 11. O-O-O Nbd7 12. Be3 Qb4 13. Kb1 O-O-O 14. Rhe1
Nb6 15. a3 Qa5 16. Nd5 Qxd2 17. Nxb6+ axb6 18. Rxd2 b5 19. c4 bxc4 20. Bxc4 Nd7
21. Bxf7 Ne5 22. Be6+ Kc7 23. Rf1 Be7 24. f4 Rhf8 25. Rc1 Nd7 26. b4 Nf6 27. e5
dxe5 28. fxe5 Rxd2 29. Bxd2 Ne4 30. Be3 Rf3 31. Bd4 Rxa3 32. Bb2 Ra4 33. b5 Nc5
34. Bc4 cxb5 35. Bxb5 Rb4 36. Be2 Kb8 37. Rf1 Na4 38. Bd1 Nxb2 39. Kc2 Nxd1 40.
Rxd1 Re4 41. Rd5 Kc7 42. Kd3 Re1 0-1

[Event "26th WSCC 2016 Open 65+"]
[Site "Marianske Lazne, Czech Republic - Hotel Cristal and Continental"]
[Date "2016.11.20"]
[Round "2.95"]
[White "Haupt, Joachim"]
[Black "Benson, Lachlan"]
[Result "0-1"]
[WhiteElo "1812"]
[BlackElo "1988"]
[PlyCount "162"]
[EventDate "2016.11.19"]

1. c4 Nf6 2. Nf3 e6 3. g3 d5 4. cxd5 exd5 5. Bg2 c6 6. d3 Bd6 7. O-O O-O 8. Re1
Re8 9. Nc3 Nbd7 10. Nh4 Ne5 11. d4 Nc4 12. b3 Nb6 13. Bb2 Be6 14. h3 Qd7 15.
Kh2 g5 16. Nf3 h6 17. Ne5 Qc7 18. Nb1 Bf5 19. f4 gxf4 20. gxf4 Kh7 21. Nd2 Rg8
22. Rg1 Rg7 23. Ndf3 Be4 24. Bh1 Rag8 25. Rxg7+ Rxg7 26. Qe1 Nh5 27. Qh4 Ng3
28. Ng5+ Kg8 29. Nxe4 dxe4 30. Qxh6 Nxh1 31. Rxh1 Nd5 32. Rg1 Rxg1 33. Kxg1 f6
34. Ng4 Qg7 35. Bc1 Qxh6 36. Nxh6+ Kh7 37. Ng4 f5 38. Ne5 e3 39. Kh2 Nxf4 40.
Bxe3 Nxe2 41. Kg2 Kg7 42. Nc4 Bc7 43. Kf3 Nc3 44. Bf4 Bxf4 45. Kxf4 Kf6 46. Na5
Nxa2 47. Nxb7 Nb4 48. h4 Nc2 49. h5 Nxd4 50. Nc5 Ne2+ 51. Kf3 Nc3 52. Nd7+ Kg5
53. Nb8 c5 54. Nd7 Ne4 55. h6 Kxh6 56. Kf4 Kg6 57. Ke5 Kg5 58. Nf8 Nd2 59. Ne6+
Kg4 60. Nxc5 f4 61. b4 f3 62. Nd3 Kg3 63. Kd4 Nb1 64. Kc4 Nd2+ 65. Kb5 Nb3 66.
Ka6 Nc1 67. Nxc1 f2 68. Ne2+ Kh2 69. Kxa7 f1=Q 70. b5 Qxe2 71. b6 Qa2+ 72. Kb8
Kg3 73. b7 Kf4 74. Kc7 Qc4+ 75. Kb6 Qb4+ 76. Kc7 Qc5+ 77. Kd8 Qb6+ 78. Kc8 Qc6+
79. Kb8 Ke5 80. Ka7 Qc7 81. Ka6 Qb8 0-1

[Event "26th WSCC 2016 Open 65+"]
[Site "Marianske Lazne, Czech Republic - Hotel Cristal and Continental"]
[Date "2016.11.20"]
[Round "2.96"]
[White "Trojan, Lubos"]
[Black "Wibe, Per H"]
[Result "1-0"]
[WhiteElo "1987"]
[BlackElo "1805"]
[PlyCount "105"]
[EventDate "2016.11.19"]

1. d4 Nf6 2. Nf3 d6 3. Bf4 Nbd7 4. Nbd2 Nh5 5. Bg5 h6 6. Bh4 g5 7. Bg3 Bg7 8.
e3 Nxg3 9. hxg3 e5 10. c3 f5 11. Nb3 e4 12. Nfd2 Nf6 13. Be2 Qe7 14. Qc2 a5 15.
a4 Bd7 16. c4 O-O 17. Nb1 f4 18. gxf4 gxf4 19. exf4 Ng4 20. Bxg4 Bxg4 21. Qd2
Qf7 22. Qe3 Qxc4 23. N1d2 Qf7 24. Rc1 b6 25. g3 Rae8 26. Kf1 Be6 27. Rh4 c5 28.
Rc3 Bxb3 29. Nxb3 Qd5 30. Rg4 Kh7 31. Kg2 Rf7 32. Rxg7+ Rxg7 33. dxc5 dxc5 34.
Nd2 Qd4 35. Nc4 Qxe3 36. Rxe3 Rg6 37. Ne5 Rge6 38. Rxe4 Rd8 39. Kf3 Kg7 40. f5
Red6 41. Ng4 Rd3+ 42. Ne3 Rf8 43. Kf4 Rb3 44. Re7+ Rf7 45. Re6 Rxb2 46. Rg6+
Kf8 47. g4 Rb4+ 48. Kg3 h5 49. g5 Rxa4 50. Rxb6 Rb4 51. Rc6 c4 52. f6 Rb5 53.
Rc8# 1-0

[Event "26th WSCC 2016 Open 65+"]
[Site "Marianske Lazne, Czech Republic - Hotel Cristal and Continental"]
[Date "2016.11.20"]
[Round "2.97"]
[White "Kolek, Josef"]
[Black "Davydov, Mihail"]
[Result "0-1"]
[WhiteElo "1801"]
[BlackElo "1986"]
[PlyCount "90"]
[EventDate "2016.11.19"]

1. e4 c6 2. d4 d5 3. Nc3 dxe4 4. Nxe4 Nd7 5. Bc4 e6 6. Nf3 Ngf6 7. Nxf6+ Nxf6
8. c3 Qc7 9. Bg5 b6 10. Qe2 Bd6 11. Ne5 Nd5 12. Bxd5 cxd5 13. Bh4 O-O 14. Bg3
a5 15. Nd3 Ba6 16. Qe3 Bxd3 17. Qxd3 Rfc8 18. O-O g6 19. Rfe1 Bxg3 20. hxg3 a4
21. a3 b5 22. Qxb5 Rcb8 23. Qe2 Rb3 24. Rab1 Rab8 25. Qc2 Qb6 26. Re2 Rxa3 27.
c4 dxc4 28. Qxc4 Qb3 29. Qc7 Qb6 30. Qc4 Qb5 31. Qc7 Rb3 32. Re5 Qd3 33. Rbe1
Rxb2 34. Qd7 a3 35. Rxe6 Rb1 36. Re8+ Kg7 37. R8e7 Rxe1+ 38. Rxe1 a2 39. Qd5
Rb1 40. Qe5+ Kh6 41. Qf4+ g5 42. Qxf7 Rxe1+ 43. Kh2 Rh1+ 44. Kxh1 a1=Q+ 45. Kh2
Qaxd4 0-1

[Event "26th WSCC 2016 Open 65+"]
[Site "Marianske Lazne, Czech Republic - Hotel Cristal and Continental"]
[Date "2016.11.20"]
[Round "2.98"]
[White "Baeta, Marcio Netto"]
[Black "Maman, Emanuel"]
[Result "1-0"]
[WhiteElo "1981"]
[BlackElo "1800"]
[PlyCount "79"]
[EventDate "2016.11.19"]

1. c4 e5 2. g3 Nc6 3. Nc3 f5 4. Bg2 Nf6 5. Nf3 d6 6. O-O Be7 7. d4 e4 8. Ng5 d5
9. Nh3 dxc4 10. d5 Nb4 11. Nf4 g5 12. a3 Na6 13. Nh3 h6 14. Qa4+ Bd7 15. Qxc4
Bd6 16. f3 exf3 17. exf3 O-O 18. b4 Qe8 19. f4 g4 20. Nf2 Qf7 21. Qd4 Nb8 22.
Nd3 Qg7 23. Ne5 Be8 24. Bb2 a5 25. b5 Nfd7 26. Na4 b6 27. Kh1 Nc5 28. Nxc5 Bxc5
29. Qd3 Nd7 30. d6 Ra7 31. Bd5+ Kh7 32. Nc4 Qg6 33. Rae1 Bf7 34. Re7 cxd6 35.
Rfe1 Bf2 36. R1e6 Nc5 37. Rxg6 Nxd3 38. Rg7+ Kh8 39. Rgxf7+ Nxb2 40. Rxf8# 1-0

[Event "26th WSCC 2016 Open 65+"]
[Site "Marianske Lazne, Czech Republic - Hotel Cristal and Continental"]
[Date "2016.11.20"]
[Round "2.99"]
[White "Malinovsky, Jozef"]
[Black "Mortensen, Steen Juul"]
[Result "1-0"]
[WhiteElo "1794"]
[BlackElo "1975"]
[PlyCount "121"]
[EventDate "2016.11.19"]

1. e4 e5 2. Nf3 Nc6 3. d4 exd4 4. Nxd4 Nf6 5. Nc3 Bb4 6. f3 O-O 7. a3 Bxc3+ 8.
bxc3 Re8 9. Be2 d5 10. Nxc6 bxc6 11. Bg5 h6 12. Bh4 g5 13. Bf2 dxe4 14. Qxd8
Rxd8 15. Bd4 Re8 16. O-O Nd7 17. fxe4 c5 18. Bf2 Rb8 19. Rab1 Rxb1 20. Rxb1
Rxe4 21. Bd3 Re7 22. a4 Kg7 23. a5 Re6 24. Bg3 c6 25. Rd1 Kf6 26. Bc4 Re4 27.
Rf1+ Ke7 28. Rxf7+ Ke8 29. Bd3 Re6 30. Rf1 Rf6 31. Re1+ Kf8 32. Bc4 h5 33. h3
h4 34. Bc7 a6 35. Be6 Kg7 36. Bxd7 Bxd7 37. Be5 Kf7 38. Bxf6 Kxf6 39. Kf2 Bf5
40. Re2 Be6 41. Ke3 Bd5 42. Kd3 Be6 43. Rf2+ Ke5 44. Rf8 Bd5 45. Rf2 Be6 46.
Rf8 Bd5 47. Rf2 Be6 48. Ke3 Bd5 49. Rd2 Kf5 50. Kf2 Kf4 51. Rd1 Ke5 52. Rb1 Bc4
53. Rb7 Bb5 54. Rc7 Ba4 55. Ra7 Bb5 56. Kf3 Kf6 57. Rc7 Kf5 58. Kf2 g4 59. c4
g3+ 60. Kg1 Bxc4 61. Rxc6 1-0

[Event "26th WSCC 2016 Open 65+"]
[Site "Marianske Lazne, Czech Republic - Hotel Cristal and Continental"]
[Date "2016.11.20"]
[Round "2.100"]
[White "Bernhoeft, Erhard"]
[Black "Bohman, Leif"]
[Result "1/2-1/2"]
[WhiteElo "1962"]
[BlackElo "1749"]
[PlyCount "47"]
[EventDate "2016.11.19"]

1. g4 d5 2. Bg2 c6 3. h3 e5 4. d3 Bd6 5. Nf3 h6 6. e4 Be6 7. exd5 cxd5 8. Qe2
Na6 9. c3 Ne7 10. b4 Ng6 11. a3 Qc7 12. Bd2 O-O-O 13. a4 f5 14. gxf5 Bxf5 15.
O-O Qd7 16. Ne1 Bxh3 17. Qf3 Bxg2 18. Nxg2 Bc7 19. Qh5 Nf4 20. Bxf4 exf4 21. f3
g5 22. Qg4 Qxg4 23. fxg4 Be5 24. d4 1/2-1/2

[Event "26th WSCC 2016 Open 65+"]
[Site "Marianske Lazne, Czech Republic - Hotel Cristal and Continental"]
[Date "2016.11.20"]
[Round "2.101"]
[White "De Giorgis, Georges"]
[Black "Pokora, Lubomír"]
[Result "0-1"]
[WhiteElo "1653"]
[BlackElo "1895"]
[PlyCount "84"]
[EventDate "2016.11.19"]

1. g4 d5 2. Bg2 c6 3. h3 e5 4. d3 Bd6 5. Nf3 h6 6. e4 Be6 7. exd5 cxd5 8. Qe2
Nc6 9. c3 Nge7 10. b4 Ng6 11. a3 Qc7 12. Bd2 O-O-O 13. a4 f5 14. gxf5 Bxf5 15.
O-O Qd7 16. Ne1 Bxh3 17. Qf3 Bxg2 18. Nxg2 Bc7 19. Qh5 Nf4 20. Bxf4 exf4 21. f3
g5 22. Qg4 Qxg4 23. fxg4 Ne5 24. d4 Nxg4 25. Nd2 Nf6 26. Rae1 Rhe8 27. b5 Rxe1
28. Rxe1 Re8 29. Rd1 Kd7 30. Kf1 Ba5 31. c4 Bxd2 32. Rxd2 dxc4 33. Rc2 Rc8 34.
Ke2 Kd6 35. Kf3 Kd5 36. Nxf4+ gxf4 37. Kxf4 Kxd4 38. Kf5 Ne4 39. Rh2 c3 40. Rh4
Rc5+ 41. Kg6 c2 42. Rxh6 c1=Q 0-1

[Event "26th WSCC 2016 Open 65+"]
[Site "Marianske Lazne, Czech Republic - Hotel Cristal and Continental"]
[Date "2016.11.20"]
[Round "2.102"]
[White "Ladisic, Alex-Sacha"]
[Black "Kaldybayev, Orazbek"]
[Result "1-0"]
[WhiteElo "1970"]
[BlackElo "1793"]
[PlyCount "91"]
[EventDate "2016.11.19"]

1. e4 c5 2. Nf3 d6 3. d4 cxd4 4. Nxd4 Nf6 5. Nc3 a6 6. Be2 e5 7. Nb3 Be6 8. O-O
Nbd7 9. Re1 Qc7 10. Bg5 Be7 11. Bxf6 Nxf6 12. Nd5 Nxd5 13. exd5 Bf5 14. c3 Rc8
15. a4 Bg6 16. a5 O-O 17. Nd2 h6 18. Nc4 Rce8 19. Nb6 Bd8 20. c4 f5 21. b4 Bf6
22. Rc1 e4 23. c5 Be5 24. c6 Bf4 25. Rc4 Rf7 26. Qc2 Bg5 27. b5 axb5 28. Rb4 e3
29. f3 bxc6 30. dxc6 Re5 31. Rxb5 Rfe7 32. Nd5 Rxd5 33. Rxd5 Kh7 34. a6 Bf7 35.
Rb5 Be8 36. Rc1 Qc8 37. Rb7 Rc7 38. Rxc7 Qxc7 39. Qxf5+ g6 40. Qb5 Kh8 41. Qb7
Qa5 42. Qb2+ Kh7 43. c7 Bd7 44. c8=Q Bxc8 45. Rxc8 Qe1+ 46. Bf1 1-0

[Event "26th WSCC 2016 Open 65+"]
[Site "Marianske Lazne, Czech Republic - Hotel Cristal and Continental"]
[Date "2016.11.20"]
[Round "2.103"]
[White "Mella, Aage"]
[Black "Weller, Karl"]
[Result "0-1"]
[WhiteElo "1781"]
[BlackElo "1969"]
[PlyCount "90"]
[EventDate "2016.11.19"]

1. c4 Nf6 2. Nf3 g6 3. g3 c6 4. Bg2 Bg7 5. O-O O-O 6. Nc3 d5 7. cxd5 cxd5 8. d4
Nc6 9. a3 Ne4 10. e3 Nxc3 11. bxc3 e6 12. Re1 f5 13. Nd2 Qc7 14. Bb2 Na5 15.
Rc1 b5 16. Nb3 Nxb3 17. Qxb3 Rb8 18. Rc2 Bd7 19. f3 Rfc8 20. Rce2 Qc4 21. Qxc4
bxc4 22. e4 Bc6 23. exf5 gxf5 24. Bc1 Bd7 25. Rb2 Rxb2 26. Bxb2 Rb8 27. Re2 Bh6
28. Kf2 Kf7 29. Ke1 Rb3 30. f4 Bf8 31. Bf3 a5 32. Rc2 Bxa3 33. Bxa3 Rxa3 34.
Kd2 Ba4 35. Rb2 Bb3 36. Bh5+ Kf6 37. h3 Ra1 38. g4 fxg4 39. hxg4 h6 40. g5+
hxg5 41. fxg5+ Kxg5 42. Bf7 Kf6 43. Bg8 Rg1 44. Bh7 Kg7 45. Bb1 a4 0-1

[Event "26th WSCC 2016 Open 65+"]
[Site "Marianske Lazne, Czech Republic - Hotel Cristal and Continental"]
[Date "2016.11.20"]
[Round "2.104"]
[White "Green, Per"]
[Black "Kasik, Miroslav"]
[Result "1/2-1/2"]
[WhiteElo "1967"]
[BlackElo "1779"]
[PlyCount "162"]
[EventDate "2016.11.19"]

1. d4 d5 2. Nf3 e6 3. c4 Nf6 4. g3 Be7 5.
Bg2 O-O 6. O-O c6 7. Qc2 Nbd7 8. Nbd2 Re8 9. e4 dxe4 10. Nxe4 Nxe4 11. Qxe4 Bf6
12. Rd1 Nf8 13. Bf4 Bd7 14. Be5 Qe7 15. Rac1 b6 16. Rd3 Rec8 17. Rcd1 Be8 18.
h4 Rd8 19. Qe3 Rac8 20. Ng5 Bxg5 21. hxg5 Ng6 22. Be4 Nxe5 23. dxe5 Rxd3 24.
Qxd3 g6 25. f4 c5 26. Kf2 Kh8 27. Qc3 Rd8 28. Rd6 Kg8 29. Qd3 Rc8 30. b3 Kf8
31. Qd2 Kg8 32. Qd3 Kf8 33. a4 Qc7 34. Qd1 Kg8 35. Ke3 Kg7 36. Qd2 Kg8 37. Qd1
Kg7 38. Rd2 Kg8 39. Rd6 Kg7 40. g4 Qe7 41. Kf3 Kg8 42. Kg3 Kg7 43. Qd2 Kg8 44.
Bf3 Kg7 45. Qd1 Kg8 46. Rd2 Rb8 47. Be4 Rc8 48. Kf3 Rb8 49. Qh1 Qf8 50. Kg3 Rc8
51. Bb7 Rc7 52. Rd6 Qe7 53. Ba6 Kg7 54. Bb5 Bxb5 55. axb5 Rb7 56. Qc6 Rc7 57.
Qe4 Rd7 58. Qd3 Rc7 59. Rd8 Rb7 60. Qd2 Rc7 61. Kf3 Rb7 62. Ke4 Rc7 63. Qd6 Rb7
64. Ke3 Rc7 65. Qd3 Rb7 66. Rd6 Rc7 67. Kd2 Rb7 68. Kc2 Rc7 69. Qe4 Rb7 70. Kc3
Rc7 71. Qh1 Rd7 72. Qd1 Rc7 73. Qd2 Rb7 74. Kd3 Rc7 75. Ke4 Rb7 76. Rd8 Rc7 77.
Qd6 Rb7 78. Ke3 Rc7 79. Ke4 Rb7 80. Qd2 Rc7 81. Ke3 Rb7 $11 1/2-1/2

[Event "26th WSCC 2016 Open 65+"]
[Site "Marianske Lazne, Czech Republic - Hotel Cristal and Continental"]
[Date "2016.11.20"]
[Round "2.105"]
[White "Gutt, Gregory"]
[Black "Jorgensen, Arne Bjorn"]
[Result "0-1"]
[WhiteElo "1766"]
[BlackElo "1965"]
[PlyCount "104"]
[EventDate "2016.11.19"]

1. d4 f5 2. c4 Nf6 3. Nc3 g6 4. Nf3 Bg7 5. e3 O-O 6. Be2 d6 7. Qb3 c5 8. d5 Na6
9. a3 Nc7 10. Bd2 a6 11. Rd1 Rb8 12. Qb6 Bd7 13. a4 Qc8 14. Qb3 b6 15. Ra1 Qe8
16. Qc2 b5 17. axb5 axb5 18. O-O b4 19. Nb1 Ra8 20. Rxa8 Qxa8 21. b3 Ne4 22.
Bc1 Ne8 23. Nfd2 N8f6 24. Nxe4 Nxe4 25. f3 Nc3 26. Bd3 Nxb1 27. Qxb1 Qa5 28.
Rf2 Ra8 29. Bb2 Bxb2 30. Rxb2 Qa1 31. Kf2 Qxb1 32. Bxb1 Ra1 33. Ke2 Kf7 34. f4
Kf6 35. h4 h6 36. g3 g5 37. hxg5+ hxg5 38. Kd1 Be8 39. Kc1 Ra3 40. Kc2 Bh5 41.
Ra2 Rxa2+ 42. Bxa2 Bf3 43. Kc1 gxf4 44. gxf4 Kg6 45. Bb1 Be4 46. Bxe4 fxe4 47.
Kd1 Kf5 48. Ke2 Kg4 49. Kf2 Kh3 50. f5 Kh2 51. Kf1 Kg3 52. Ke2 Kg2 0-1

[Event "26th WSCC 2016 Open 65+"]
[Site "Marianske Lazne, Czech Republic - Hotel Cristal and Continental"]
[Date "2016.11.20"]
[Round "2.106"]
[White "Taksrud, Vidar"]
[Black "Filzmaier, Bruno"]
[Result "0-1"]
[WhiteElo "1964"]
[BlackElo "1760"]
[PlyCount "168"]
[EventDate "2016.11.19"]

1. d4 e6 2. e4 d5 3. exd5 exd5 4. Bd3 Bd6 5. Nf3 Nf6 6. O-O O-O 7. Re1 Bg4 8.
h3 Bh5 9. c4 dxc4 10. Bxc4 c6 11. Nc3 Nbd7 12. Bg5 h6 13. Bh4 Qc7 14. Bxf6 Nxf6
15. Qd3 Bxf3 16. Qxf3 Rfe8 17. Bd3 Kf8 18. Rad1 Rxe1+ 19. Rxe1 Re8 20. Rf1 Qe7
21. Ne2 Ne4 22. Rd1 Ng5 23. Qf5 g6 24. Qa5 a6 25. Qd2 Kg7 26. Nc3 Qe6 27. Bf1
Qf5 28. Qd3 Ne4 29. Nxe4 Rxe4 30. g3 Qe6 31. Qc3 Qf6 32. Bg2 Re7 33. a4 Rc7 34.
Rd3 c5 35. d5 Qxc3 36. bxc3 c4 37. Rd4 b5 38. axb5 axb5 39. Rd1 b4 40. cxb4
Bxb4 41. Be4 c3 42. Bc2 Bd6 43. Rd3 Kf6 44. Kf1 Ke5 45. f4+ Kf6 46. Rf3 Bb4 47.
Ke2 Ke7 48. Re3+ Kd6 49. Re4 Ba5 50. Kd3 Rc5 51. Bb3 c2 52. Bxc2 Rc3+ 53. Kd2
Rxg3+ 54. Ke2 Rxh3 55. Bd3 Rh2+ 56. Kf3 Bb6 57. Rb4 Bc5 58. Rb7 f5 59. Rg7 Rh3+
60. Ke2 Rg3 61. Kd2 Be3+ 62. Kc3 Bxf4 63. Kc4 Be5 64. Rh7 Rh3 65. Ra7 Rh4+ 66.
Kb5 Kxd5 67. Bc2 Rh3 68. Ra6 Bd6 69. Ra1 Rg3 70. Rd1+ Ke5 71. Kc4 Rg4+ 72. Kd3
Rd4+ 73. Ke3 Rxd1 74. Bxd1 g5 75. Bh5 g4 76. Kf2 Kf4 77. Kg2 Kg5 78. Be8 h5 79.
Bc6 h4 80. Bd5 Kf4 81. Bc6 h3+ 82. Kg1 g3 83. Bd5 Bc5+ 84. Kh1 g2+ 0-1

[Event "26th WSCC 2016 Open 65+"]
[Site "Marianske Lazne, Czech Republic - Hotel Cristal and Continental"]
[Date "2016.11.20"]
[Round "2.107"]
[White "Feco, Jan"]
[Black "Bauder, Herbert"]
[Result "0-1"]
[WhiteElo "1761"]
[BlackElo "1963"]
[PlyCount "60"]
[EventDate "2016.11.19"]

1. e4 c5 2. Nf3 Nc6 3. d4 cxd4 4. Nxd4 Nf6 5. Nc3 e5 6. Ndb5 d6 7. Nd5 Nxd5 8.
exd5 Nb8 9. c4 Be7 10. Bd3 O-O 11. O-O Nd7 12. Be3 b6 13. Bd2 a6 14. Na3 f5 15.
b4 a5 16. bxa5 Nc5 17. Bc2 bxa5 18. Rb1 Bd7 19. Be3 Qc8 20. Nb5 f4 21. Bxc5
Qxc5 22. Bd3 f3 23. Qc2 fxg2 24. Bxh7+ Kh8 25. Rfe1 Bh4 26. Re2 Bg4 27. Rb2
Bxe2 28. Qxe2 Rxf2 29. Qxf2 Bxf2+ 30. Rxf2 Rf8 0-1

[Event "26th WSCC 2016 Open 65+"]
[Site "Marianske Lazne, Czech Republic - Hotel Cristal and Continental"]
[Date "2016.11.20"]
[Round "2.108"]
[White "Siewert, Wolfgang"]
[Black "Cao, Jorge"]
[Result "0-1"]
[WhiteElo "1753"]
[BlackElo "1962"]
[PlyCount "56"]
[EventDate "2016.11.19"]

1. c4 Nf6 2. Nc3 g6 3. e4 e5 4. d3 Bg7 5. g3 O-O 6. Bg2 Nc6 7. Nge2 d6 8. a3 a5
9. Bd2 Be6 10. Nd5 Qd7 11. h4 h5 12. Qc1 Ne8 13. b4 axb4 14. axb4 Rxa1 15. Qxa1
f5 16. b5 Bxd5 17. exd5 Nd4 18. Nxd4 exd4 19. f4 Nf6 20. Bf3 Re8+ 21. Kf2 Ne4+
22. dxe4 fxe4 23. Bxe4 Rxe4 24. Qb1 Qf5 25. Re1 d3 26. Qb3 Bd4+ 27. Kg2 Rxe1
28. Bxe1 Qe4+ 0-1

[Event "26th WSCC 2016 Open 65+"]
[Site "Marianske Lazne, Czech Republic - Hotel Cristal and Continental"]
[Date "2016.11.20"]
[Round "2.109"]
[White "Mckerracher, Douglas"]
[Black "Peierl, Walter"]
[Result "1-0"]
[WhiteElo "1962"]
[BlackElo "1741"]
[PlyCount "101"]
[EventDate "2016.11.19"]

1. e4 e6 2. d3 Nf6 3. g3 d5 4. Nd2 Be7 5. Bg2 c5 6. Ngf3 Nc6 7. O-O O-O 8. e5
Nd7 9. Re1 f6 10. exf6 Nxf6 11. Nb3 Qb6 12. c3 Bd6 13. d4 cxd4 14. cxd4 Bd7 15.
Be3 Rac8 16. Nc5 Bxc5 17. dxc5 Qd8 18. Bd4 Ne4 19. Rc1 Qc7 20. Be3 Qd8 21. h4
Qf6 22. Qe2 h6 23. Red1 Be8 24. Nh2 Bg6 25. h5 Bh7 26. Ng4 Qe7 27. Bxe4 Bxe4
28. Nh2 Ne5 29. Bf4 Rxf4 30. gxf4 Nd7 31. f3 Bf5 32. Rxd5 Kf7 33. Rdd1 Rc7 34.
b4 Qh4 35. Rd4 Nf6 36. Qf2 Qxh5 37. Qg3 Nd5 38. Ng4 Kf8 39. Kf2 Bxg4 40. fxg4
Qf7 41. Kg2 a6 42. Rf1 Kg8 43. f5 Nf6 44. fxe6 Qe7 45. Qd6 Kh7 46. Rfd1 Ne8 47.
Qe5 Nf6 48. Qf5+ g6 49. Qe5 Rc6 50. Rd7 Nxd7 51. Rxd7 1-0